Papiri letterari greci e latini /

محفوظ في:

مؤلفون آخرون: Capasso, Mario

التنسيق: كتاب

اللغة: Italian

منشور في: Galatina (Le) : Congedo, 1992.

سلاسل: Papyrologica lupiensia ; 1.

الموضوعات:

الوسوم: إضافة وسم

لا توجد وسوم, كن أول من يضع وسما على هذه التسجيلة!

رقم الطلب: PA3316 .P375 1992

LEADER 00899nam a22002777a 4500
003 OSt
005 20251001074418.0
008 250929t1992 it af 000 0 ita d
010 |a 93183757 
020 |a 887786494X 
040 |c ARCE Library 
050 1 4 |a PA3316  |b .P375 1992 
245 0 0 |a Papiri letterari greci e latini /   |c a cura di Mario Capasso. 
264 1 |a Galatina (Le) :   |b Congedo,   |c 1992. 
300 |a 330 pages, [10] pages of plates :   |b illustrations ;   |c 24 cm. 
490 1 |a Papyrologica lupiensia ;   |v 1. 
650 0 |a Classical literature  |x Criticism, Textual. 
650 0 |a Classical literature  |x Manuscripts. 
650 0 |a Manuscripts, Classical (Papyri) 
650 0 |a Manuscripts, Greek (Papyri) 
650 0 |a Manuscripts, Latin (Papyri) 
700 1 |a Capasso, Mario,  |9 27702 
830 0 |a Papyrologica lupiensia ;   |v 1. 
901 |a reviewed 
942 |c BK  |2 lcc 
999 |c 22306  |d 22306